| 000 | 00975nam a2200229Ii 4500 | ||
|---|---|---|---|
| 003 | JO-AjNU | ||
| 008 | 230605s9999||||xx |||||||||||||| ||und|| | ||
| 017 | _a2012/10/3874 | ||
| 020 | _a978-9957-33-381-8 | ||
| 040 |
_aJO-AjNU _bara _erda _cJO-AjNU |
||
| 041 | _aara | ||
| 050 | 1 | 4 | _aHF5548.4.M523.N34.2013 |
| 100 | 3 |
_aتألبف نجم، عبود نجم, _eauthor _945652 |
|
| 245 | 0 | 0 | _aمدخل الى الاساليب الكمية مع التطبيقات باستخدام (Microsoft Excel):النماذج المؤكدة ،الكتاب الاول |
| 250 | _aط1 | ||
| 264 | 3 | 1 | _aعمان:مؤسسة الوراق للنشر والتوزيع؛2013 |
| 300 |
_aالكتاب الاول، 438ص _bيحتوي على ببلوغرافية من ص433-438ص |
||
| 336 |
_atext _btxt _2rdacontent |
||
| 337 |
_aunmediated _bn _2rdamedia |
||
| 338 |
_avolume _bnc _2rdacarrier |
||
| 650 | 4 |
_aالطرق الإحصائية - معالجة البيانات إلكترونيا _945653 |
|
| 999 |
_aA19805 _c23373 _d23373 |
||